[Event "BIH-chT 18th"]
[Site "Tuzla"]
[Date "2019.06.10"]
[Round "3.1"]
[White "Jevtic, Sreten"]
[Black "Terzic, Ilijas"]
[Result "0-1"]
[WhiteElo "2243"]
[BlackElo "2108"]
[PlyCount "21"]
[EventDate "2019.06.08"]
[EventType "team-tourn"]
[EventRounds "9"]
[EventCountry "BIH"]
[SourceTitle "CBM 190 Extra"]
[Source "ChessBase"]
[SourceDate "2019.07.15"]
[SourceVersion "1"]
[SourceVersionDate "2019.07.15"]
[SourceQuality "1"]
[WhiteTeam "Busovaca Hrasno"]
[BlackTeam "Sarajevo Napredak"]
[WhiteTeamCountry "BIH"]
[BlackTeamCountry "BIH"]

1. c4 e5 2. Nc3 Nf6 3. g3 c6 4. Bg2 d5 5. cxd5 cxd5 6. d3 Nc6 7. Nf3 d4 8. Nb1 Be7 9. 0-0 0-0 10. Nbd2 Be6 11. b3 0-1

[Event "Sarajevo Bosna op 49th"]
[Site "Sarajevo"]
[Date "2019.05.03"]
[Round "9"]
[White "Terzic, Ilijas"]
[Black "Maksimovic, Bojan"]
[Result "0-1"]
[WhiteElo "2104"]
[BlackElo "2288"]
[PlyCount "108"]
[EventDate "2019.04.27"]
[EventType "swiss"]
[EventRounds "9"]
[EventCountry "BIH"]
[SourceTitle "CBM 190 Extra"]
[Source "ChessBase"]
[SourceDate "2019.07.15"]
[SourceVersion "1"]
[SourceVersionDate "2019.07.15"]
[SourceQuality "1"]

1. d4 g6 2. e4 Bg7 3. Nf3 d6 4. Bc4 e6 5. c3 Ne7 6. h4 h6 7. Nbd2 a6 8. Nf1 Nd7 9. Ng3 b6 10. Bf4 Bb7 11. Qe2 d5 12. exd5 Nxd5 13. Bd2 0-0 14. Ne4 N5f6 15. Ng3 Nd5 16. Ne4 N5f6 17. Ng3 c5 18. h5 g5 19. Nxg5 cxd4 20. Nf3 b5 21. Bb3 Bxf3 22. Qxf3 Ne5 23. Qe2 dxc3 24. Bxc3 Nd3+ 25. Kf1 Nf4 26. Qf3 Qd3+ 27. Qxd3 Nxd3 28. Bc2 Rfd8 29. Rh4 Nc5 30. Rd4 Nd5 31. Rg4 Nxc3 32. bxc3 Kf8 33. Ne2 Rd2 34. Rc1 Rad8 35. Ke1 R2d7 36. a4 bxa4 37. Ra1 Rd5 38. Rh4 Bf6 39. Rh3 Rb8 40. Nd4 Bxd4 41. cxd4 Rxd4 42. Rc3 Rb5 43. Ke2 Nb3 44. Rd1 Rxd1 45. Bxd1 Rxh5 46. Bxb3 axb3 47. Rxb3 a5 48. Rb7 Rf5 49. g4 Rg5 50. f3 h5 51. gxh5 Rxh5 52. Ra7 Kg7 53. Ke3 Kg6 54. Ra6 Rb5 0-1

[Event "Sarajevo Bosna op 49th"]
[Site "Sarajevo"]
[Date "2019.05.02"]
[Round "8"]
[White "Sabic, Muris"]
[Black "Terzic, Ilijas"]
[Result "0-1"]
[WhiteElo "1963"]
[BlackElo "2104"]
[PlyCount "86"]
[EventDate "2019.04.27"]
[EventType "swiss"]
[EventRounds "9"]
[EventCountry "BIH"]
[SourceTitle "CBM 190 Extra"]
[Source "ChessBase"]
[SourceDate "2019.07.15"]
[SourceVersion "1"]
[SourceVersionDate "2019.07.15"]
[SourceQuality "1"]

1. e4 c5 2. Nf3 Nc6 3. d4 cxd4 4. Nxd4 Nf6 5. Nc3 d6 6. Bg5 e6 7. Qd3 a6 8. Be2 h6 9. Bh4 Qb6 10. Nb3 Bd7 11. Bg3 Ne5 12. Qd2 Rc8 13. Rd1 Be7 14. 0-0 0-0 15. Kh1 Rfd8 16. f3 Qc7 17. Rc1 b5 18. a3 Bc6 19. Nd4 Bb7 20. Bf2 Nfd7 21. f4 Nc4 22. Bxc4 Qxc4 23. Rfe1 Nf6 24. Qd3 Qxd3 25. cxd3 Nd7 26. Nb3 g5 27. Be3 Kg7 28. Na5 Ba8 29. b4 Bf6 30. e5 dxe5 31. fxg5 Bxg5 32. Bxg5 hxg5 33. Ne4 Bxe4 34. dxe4 Rxc1 35. Rxc1 Nf6 36. h3 Rd3 37. Rc6 Rxa3 38. Rxa6 Nxe4 39. Rb6 Nc3 40. Nc6 e4 41. Nd4 e3 42. Nc2 e2 43. Rc6 Ra2 0-1

[Event "Sarajevo Bosna op 49th"]
[Site "Sarajevo"]
[Date "2019.04.30"]
[Round "6"]
[White "Rasidovic, Sead"]
[Black "Terzic, Ilijas"]
[Result "1/2-1/2"]
[WhiteElo "2225"]
[BlackElo "2104"]
[PlyCount "98"]
[EventDate "2019.04.27"]
[EventType "swiss"]
[EventRounds "9"]
[EventCountry "BIH"]
[SourceTitle "CBM 190 Extra"]
[Source "ChessBase"]
[SourceDate "2019.07.15"]
[SourceVersion "1"]
[SourceVersionDate "2019.07.15"]
[SourceQuality "1"]

1. e4 c5 2. Nc3 e6 3. Nf3 Nf6 4. e5 Nd5 5. Nxd5 exd5 6. d4 Nc6 7. Bd3 cxd4 8. 0-0 Be7 9. a3 d6 10. exd6 Qxd6 11. h3 0-0 12. Re1 Bd7 13. Ng5 h6 14. Nf3 Bf6 15. Bd2 Rfe8 16. Rxe8+ Rxe8 17. Qf1 a6 18. g3 Ne5 19. Nxe5 Bxe5 20. f4 Bf6 21. a4 Qc7 22. Kh2 Qc8 23. g4 Qc7 24. Qf3 Qd6 25. b3 g6 26. Kg2 b5 27. a5 Re7 28. Re1 Rxe1 29. Bxe1 Qc5 30. Qe2 Qe7 31. Qd1 Kg7 32. Bd2 Qd6 33. Qe1 Qe7 34. Qf2 g5 35. fxg5 hxg5 36. Qf3 Qe5 37. Kf1 Be7 38. Qg2 Bd6 39. Be1 f6 40. Qf3 Be8 41. Qf5 Qxf5+ 42. Bxf5 Bg6 43. Bxg6 Kxg6 44. Ke2 f5 45. Kd3 Be5 46. Bb4 f4 47. Ke2 Kf6 48. Bc5 Ke6 49. Kf3 Kf7 1/2-1/2

[Event "Sarajevo Bosna op 49th"]
[Site "Sarajevo"]
[Date "2019.04.30"]
[Round "5"]
[White "Terzic, Ilijas"]
[Black "Trkulja, Goran"]
[Result "1/2-1/2"]
[WhiteElo "2104"]
[BlackElo "2309"]
[PlyCount "94"]
[EventDate "2019.04.27"]
[EventType "swiss"]
[EventRounds "9"]
[EventCountry "BIH"]
[SourceTitle "CBM 190 Extra"]
[Source "ChessBase"]
[SourceDate "2019.07.15"]
[SourceVersion "1"]
[SourceVersionDate "2019.07.15"]
[SourceQuality "1"]

1. d4 Nf6 2. Nf3 e6 3. c4 b6 4. a3 Bb7 5. Nc3 d5 6. cxd5 Nxd5 7. e3 Nd7 8. Bd3 Be7 9. 0-0 c5 10. e4 N5f6 11. dxc5 Nxc5 12. Bb5+ Kf8 13. Qe2 Ncxe4 14. Nxe4 Bxe4 15. Rd1 Bd5 16. Ne5 Bd6 17. Bf4 Bxe5 18. Bxe5 Nd7 19. Rac1 Nxe5 20. Qxe5 Qf6 21. Qd6+ Kg8 22. Bc6 Rd8 23. Qc7 h5 24. Bxd5 Rxd5 25. Rxd5 exd5 26. Qd7 Qxb2 27. Rc8+ Kh7 28. Qf5+ g6 29. Qxf7+ Qg7 30. Qxg7+ Kxg7 31. Rc7+ Kf6 32. Rxa7 Re8 33. Kf1 Re6 34. Rd7 Ke5 35. Ke2 Kd4+ 36. Kd2 Kc4 37. Rc7+ Kd4 38. Rd7 Rc6 39. Rf7 Kc4 40. h4 b5 41. Ra7 Rb6 42. Rc7+ Kd4 43. Rc3 Ra6 44. Rd3+ Ke5 45. Rb3 Kd4 46. Rd3+ Ke5 47. Re3+ Kd4 1/2-1/2

[Event "Sarajevo-ch"]
[Site "Sarajevo"]
[Date "2019.03.18"]
[Round "8"]
[White "Sitnic, Ahmed"]
[Black "Terzic, Ilijas"]
[Result "0-1"]
[WhiteElo "1841"]
[BlackElo "2137"]
[PlyCount "48"]
[EventDate "2019.03.12"]
[EventType "tourn"]
[EventRounds "9"]
[EventCountry "BIH"]
[SourceTitle "CBM 189 Extra"]
[Source "ChessBase"]
[SourceDate "2019.06.03"]
[SourceVersion "1"]
[SourceVersionDate "2019.06.03"]
[SourceQuality "1"]

1. d4 Nf6 2. c4 e6 3. Nf3 d5 4. Nc3 Bb4 5. Bg5 h6 6. Bh4 0-0 7. e3 c5 8. a3 Bxc3+ 9. bxc3 Nbd7 10. cxd5 exd5 11. Bd3 Qa5 12. Qd2 Ne4 13. Bxe4 dxe4 14. Ng1 b6 15. Ne2 Ba6 16. 0-0 cxd4 17. Be7 Bxe2 18. Bxf8 Bxf1 19. Bb4 Qd5 20. Rxf1 a5 21. Be7 d3 22. f3 f5 23. fxe4 fxe4 24. g4 Ne5 0-1

[Event "BIH-chT1"]
[Site "Bosanska Krupa"]
[Date "2018.08.28"]
[Round "6"]
[White "Coric, Ahmed"]
[Black "Terzic, Ilijas"]
[Result "1/2-1/2"]
[WhiteElo "2131"]
[BlackElo "2143"]
[PlyCount "30"]
[EventDate "2018.08.25"]
[EventType "tourn"]
[EventRounds "9"]
[EventCountry "BIH"]
[SourceTitle "CBM 186 Extra"]
[Source "ChessBase"]
[SourceDate "2018.08.24"]
[SourceVersion "1"]
[SourceVersionDate "2018.08.24"]
[SourceQuality "1"]

1. c4 e5 2. d3 Nc6 3. Nc3 f5 4. Nf3 Nf6 5. g3 Bb4 6. Bd2 a5 7. Bg2 d6 8. 0-0 0-0 9. a3 Bc5 10. Qc2 Qe8 11. Nb5 Qe7 12. Bc3 e4 13. Nfd4 Nxd4 14. Bxd4 Bxd4 15. Nxd4 e3 1/2-1/2

[Event "BIH-chT1"]
[Site "Bosanska Krupa"]
[Date "2018.08.27"]
[Round "4"]
[White "Pastar, Slaven"]
[Black "Terzic, Ilijas"]
[Result "1-0"]
[WhiteElo "2307"]
[BlackElo "2143"]
[PlyCount "43"]
[EventDate "2018.08.25"]
[EventType "tourn"]
[EventRounds "9"]
[EventCountry "BIH"]
[SourceTitle "CBM 186 Extra"]
[Source "ChessBase"]
[SourceDate "2018.08.24"]
[SourceVersion "1"]
[SourceVersionDate "2018.08.24"]
[SourceQuality "1"]

1. d4 Nf6 2. c4 e6 3. Nc3 Bb4 4. e3 0-0 5. Bd3 d5 6. cxd5 exd5 7. Nge2 c5 8. a3 cxd4 9. axb4 dxc3 10. Nxc3 Qe7 11. 0-0 Qxb4 12. Ra4 Qb6 13. Rh4 g6 14. Qf3 Rd8 15. e4 dxe4 16. Nxe4 Nxe4 17. Bxe4 Nc6 18. Qf6 Qd4 19. Qg5 Qg7 20. Bxc6 f6 21. Bd5+ Kh8 22. Rxh7+ 1-0

[Event "Sarajevo-ch"]
[Site "Sarajevo"]
[Date "2018.03.23"]
[Round "5"]
[White "Halilovic, Fahrudin"]
[Black "Terzic, Ilijas"]
[Result "0-1"]
[WhiteElo "2085"]
[BlackElo "2139"]
[PlyCount "116"]
[EventDate "2018.03.19"]
[EventType "tourn"]
[EventRounds "11"]
[EventCountry "BIH"]
[SourceTitle "CBM 183 Extra"]
[Source "ChessBase"]
[SourceDate "2018.04.19"]
[SourceVersion "1"]
[SourceVersionDate "2018.04.19"]
[SourceQuality "1"]

1. e4 e6 2. d4 d5 3. Nd2 a6 4. Ngf3 c5 5. exd5 exd5 6. dxc5 Bxc5 7. Nb3 Bb6 8. Bg5 Nf6 9. Qe2+ Be6 10. Nbd4 0-0 11. Nxe6 fxe6 12. Qxe6+ Kh8 13. 0-0-0 Nc6 14. Bh4 Re8 15. Qf5 Ne7 16. Qh3 Ng6 17. Ng5 Qc8 18. Qxc8 Raxc8 19. Nf7+ Kg8 20. Bxf6 Kxf7 21. Bd4 Bxd4 22. Rxd4 Re1+ 23. Rd1 Rxd1+ 24. Kxd1 Kf6 25. g3 Ke5 26. f4+ Kd6 27. Bd3 Ne7 28. Re1 h6 29. f5 Rf8 30. g4 Nc6 31. Re6+ Kd7 32. c3 Rf6 33. Re2 Kd6 34. h4 Ne5 35. g5 hxg5 36. hxg5 Rf8 37. Bc2 Rh8 38. Rg2 Nc4 39. Ke2 Ke5 40. Kf3 Rh3+ 41. Kg4 Re3 42. Kh5 Re1 43. Bd3 Ne3 44. Re2 Rxe2 45. Bxe2 Kxf5 46. Bd3+ Kf4 47. Be2 a5 48. Kg6 Nc4 49. Bxc4 dxc4 50. a4 b6 51. Kxg7 Kxg5 52. Kf7 Kf5 53. Ke7 Ke4 54. Kd6 Kd3 55. Kd5 Kc2 56. Kxc4 Kxb2 57. Kb5 Kxc3 58. Kxb6 Kb4 0-1

[Event "Sarajevo-ch"]
[Site "Sarajevo"]
[Date "2018.03.19"]
[Round "1"]
[White "Terzic, Ilijas"]
[Black "Dizdarevic, Emir"]
[Result "0-1"]
[WhiteElo "2139"]
[BlackElo "2452"]
[PlyCount "45"]
[EventDate "2018.03.19"]
[EventType "tourn"]
[EventRounds "11"]
[EventCountry "BIH"]
[SourceTitle "CBM 183 Extra"]
[Source "ChessBase"]
[SourceDate "2018.04.19"]
[SourceVersion "1"]
[SourceVersionDate "2018.04.19"]
[SourceQuality "1"]

1. d4 Nf6 2. Nf3 b6 3. c4 Bb7 4. g3 e6 5. Bg2 Bb4+ 6. Bd2 Be7 7. Nc3 c6 8. e4 d5 9. e5 Ne4 10. cxd5 cxd5 11. 0-0 0-0 12. h4 Nxd2 13. Qxd2 Nc6 14. Rfc1 Na5 15. Bf1 Nc4 16. Qe2 Rc8 17. b3 Na3 18. Qb2 Rc6 19. Bd3 Qc7 20. Ne2 Rc8 21. Rxc6 Qxc6 22. h5 Nc2 23. a3 0-1

[Event "Sarajevo Bosna op 47th"]
[Site "Sarajevo"]
[Date "2017.05.15"]
[Round "4"]
[White "Terzic, Ilijas"]
[Black "Lajthajm, Borko"]
[Result "0-1"]
[WhiteElo "2163"]
[BlackElo "2428"]
[PlyCount "79"]
[EventDate "2017.05.13"]
[EventType "swiss"]
[EventRounds "9"]
[EventCountry "BIH"]
[SourceTitle "CBM 178 Extra"]
[Source "ChessBase"]
[SourceDate "2017.06.22"]
[SourceVersion "1"]
[SourceVersionDate "2017.06.22"]
[SourceQuality "1"]

1. d4 Nf6 2. Nf3 e6 3. c4 b6 4. Nc3 Bb4 5. Bg5 h6 6. Bh4 Bb7 7. e3 Bxc3+ 8. bxc3 d6 9. Be2 Nbd7 10. Nd2 g5 11. Bg3 Bxg2 12. Rg1 Bb7 13. Bf3 Bxf3 14. Qxf3 Rb8 15. a4 Qc8 16. a5 Qb7 17. e4 Rg8 18. Qe2 Rg6 19. a6 Qa8 20. e5 dxe5 21. d5 exd5 22. Bxe5 Kf8 23. 0-0-0 Re8 24. f4 Qc6 25. Nf3 gxf4 26. Rge1 dxc4 27. Rd4 Qa4 28. Qxc4 Qa1+ 29. Kc2 Rg2+ 30. Rd2 Rxd2+ 31. Kxd2 Qb2+ 32. Kd1 Qf2 33. Qxf4 Nxe5 34. Qxh6+ Kg8 35. Qxf6 Qxf3+ 36. Qxf3 Rd8+ 37. Kc2 Nxf3 38. Re7 Rc8 39. Re3 Nh4 40. Kd1 0-1

[Event "Sarajevo Bosna op 46th"]
[Site "Sarajevo"]
[Date "2016.06.02"]
[Round "8"]
[White "Trkulja, Goran"]
[Black "Terzic, Ilijas"]
[Result "1/2-1/2"]
[WhiteElo "2320"]
[BlackElo "2165"]
[PlyCount "86"]
[EventDate "2016.05.28"]
[EventType "swiss"]
[EventRounds "9"]
[EventCountry "BIH"]
[SourceTitle "EXT 2019"]
[Source "ChessBase"]
[SourceDate "2018.10.10"]
[SourceVersion "1"]
[SourceVersionDate "2018.10.10"]
[SourceQuality "1"]

1. Nf3 Nc6 2. d4 d5 3. g3 Bg4 4. Bg2 Qd7 5. c4 e6 6. cxd5 exd5 7. a3 Bh3 8. 0-0 Bxg2 9. Kxg2 h5 10. h4 Nge7 11. Nc3 f6 12. Qd3 0-0-0 13. Bf4 Qf5 14. Qxf5+ Nxf5 15. Rfd1 Nce7 16. Rac1 c6 17. b4 Ng6 18. Nxd5 Rxd5 19. e4 Nxf4+ 20. gxf4 Rb5 21. exf5 Bd6 22. d5 Bxf4 23. Rc4 Bc7 24. dxc6 bxc6 25. Rxc6 Kb7 26. Rdc1 Bb6 27. Re6 Rxf5 28. Re7+ Ka6 29. a4 g5 30. Rc6 Rd8 31. hxg5 fxg5 32. Re5 Rdf8 33. Rxf5 Rxf5 34. a5 Kb7 35. axb6 Rxf3 36. bxa7 Rf5 37. Ra6 Ka8 38. Ra4 Re5 39. Kg3 Rf5 40. Ra6 Rb5 41. Rh6 h4+ 42. Kg4 Kxa7 43. Rf6 Kb7 1/2-1/2

[Event "Sarajevo Bosna op 45th"]
[Site "Sarajevo"]
[Date "2015.06.03"]
[Round "7"]
[White "Terzic, Ilijas"]
[Black "Drazic, Sinisa"]
[Result "0-1"]
[WhiteElo "2166"]
[BlackElo "2439"]
[PlyCount "27"]
[EventDate "2015.05.30"]
[EventType "swiss"]
[EventRounds "9"]
[EventCountry "BIH"]
[SourceTitle "CBM 166 Extra"]
[Source "ChessBase"]
[SourceDate "2015.06.18"]
[SourceVersion "1"]
[SourceVersionDate "2015.06.18"]
[SourceQuality "1"]

1. d4 d6 2. Nf3 g6 3. e4 Bg7 4. Bc4 a6 5. a4 Nf6 6. Qe2 0-0 7. e5 dxe5 8. dxe5 Nd5 9. h3 c6 10. 0-0 Qc7 11. Re1 a5 12. Nc3 Nxc3 13. bxc3 b6 14. Bd3 0-1

[Event "Sarajevo Bosna op 45th"]
[Site "Sarajevo"]
[Date "2015.05.31"]
[Round "2"]
[White "Popovic, Dusan"]
[Black "Terzic, Ilijas"]
[Result "1-0"]
[WhiteElo "2492"]
[BlackElo "2166"]
[PlyCount "45"]
[EventDate "2015.05.30"]
[EventType "swiss"]
[EventRounds "9"]
[EventCountry "BIH"]
[SourceTitle "CBM 166 Extra"]
[Source "ChessBase"]
[SourceDate "2015.06.18"]
[SourceVersion "1"]
[SourceVersionDate "2015.06.18"]
[SourceQuality "1"]

1. e4 e6 2. d4 d5 3. Nd2 c5 4. Ngf3 a6 5. dxc5 Bxc5 6. Bd3 Nf6 7. Qe2 Nc6 8. c3 0-0 9. 0-0 e5 10. exd5 Nxd5 11. Nb3 Bb6 12. Rd1 Qe7 13. Bxh7+ Kxh7 14. Rxd5 Be6 15. Ng5+ Kg8 16. Rd1 Bf5 17. Be3 Rfe8 18. Qf3 Qf6 19. Rd6 Qxd6 20. Qxf5 Bxe3 21. Qxf7+ Kh8 22. Qh5+ Kg8 23. Qh7+ 1-0

[Event "Bihac-chT1"]
[Site "Bihac"]
[Date "2014.08.24"]
[Round "3"]
[White "Mrndjic, Muamer"]
[Black "Terzic, Ilijas"]
[Result "1-0"]
[WhiteElo "2261"]
[BlackElo "2175"]
[PlyCount "67"]
[EventDate "2014.08.23"]
[EventType "swiss"]
[EventRounds "9"]
[EventCountry "BIH"]
[SourceTitle "EXT 2015"]
[Source "ChessBase"]
[SourceDate "2014.11.20"]
[SourceVersion "1"]
[SourceVersionDate "2014.11.20"]
[SourceQuality "1"]

1. d4 Nf6 2. c4 e6 3. Nf3 Bb4+ 4. Nbd2 0-0 5. a3 Be7 6. e4 d5 7. Bd3 c5 8. cxd5 cxd4 9. d6 Bxd6 10. e5 Be7 11. exf6 Bxf6 12. Ne4 Be7 13. 0-0 f5 14. Ng3 Qd6 15. Re1 Nc6 16. Qe2 Bf6 17. Bg5 Bd7 18. Bxf6 gxf6 19. Rad1 Kh8 20. Bb1 Rad8 21. Qd2 Bc8 22. Qh6 Qd7 23. b4 a6 24. Qh4 b5 25. h3 Bb7 26. Nh5 e5 27. Nxf6 Qg7 28. Nh5 Qg6 29. Ng3 e4 30. Nxe4 fxe4 31. Bxe4 Qg7 32. Bxc6 Bxc6 33. Re7 Qg6 34. Ng5 1-0

[Event "Sarajevo Bosna op-B 44th"]
[Site "Sarajevo"]
[Date "2014.06.01"]
[Round "4"]
[White "Unuk, Laura"]
[Black "Terzic, Ilijas"]
[Result "1/2-1/2"]
[WhiteElo "2101"]
[BlackElo "2185"]
[PlyCount "69"]
[EventDate "2014.05.30"]
[EventType "swiss"]
[EventRounds "9"]
[EventCountry "BIH"]
[SourceTitle "CBM 160 Extra"]
[Source "ChessBase"]
[SourceDate "2014.07.01"]
[SourceVersion "1"]
[SourceVersionDate "2014.07.01"]
[SourceQuality "1"]

1. Nf3 c5 2. c4 Nc6 3. Nc3 Nf6 4. g3 e6 5. Bg2 d5 6. cxd5 exd5 7. d4 Be7 8. 0-0 0-0 9. dxc5 Bxc5 10. Bg5 d4 11. Ne4 Be7 12. Nxf6+ Bxf6 13. Bxf6 Qxf6 14. Qd2 Bf5 15. Rfd1 Rad8 16. Qf4 Rfe8 17. Nh4 Be4 18. Qxf6 gxf6 19. Bxe4 Rxe4 20. Rd2 d3 21. exd3 Red4 22. Rad1 Ne5 23. Kf1 Rxd3 24. Ke2 Rxd2+ 25. Rxd2 Rxd2+ 26. Kxd2 Kf8 27. Nf5 b6 28. h3 Ke8 29. f4 Nc6 30. Kc3 Kd7 31. Kc4 a6 32. a3 Ke6 33. Ng7+ Kd7 34. Nf5 Ke6 35. Ng7+ 1/2-1/2